000 00283nam a22001337a 4500
008 170731b xxu||||| |||| 00| 0 eng d
020 _a9781418014322
041 _aeng
080 _a004
100 _a32
101 _aSHKI
245 _aINDESIGN CS2
_cRYDBERG, T
942 _2udc
_cBK
999 _c22319
_d22319